Wszystkie państwa świata według flagi i pierwszej litery - Statystyki

Ogólne statystyki
  • Ten quiz został rozwiązany 59 razy
  • Średni wynik to 49 z 196
Statystyki odpowiedzi
Obrazkowy Odpowiedź % Poprawnych
Armenia
41%
Mołdawia
41%
Kiribati
38%
Belgia
34%
Chiny
34%
Francja
34%
Jamajka
34%
Japonia
34%
Katar
34%
Niemcy
34%
Austria
31%
Czechy
31%
Egipt
31%
Haiti
31%
Irak
31%
Irlandia
31%
Korea Południowa
31%
Kostaryka
31%
Litwa
31%
Łotwa
31%
Malta
31%
Mauritius
31%
Monako
31%
Portugalia
31%
Rosja
31%
San Marino
31%
Sierra Leone
31%
Syria
31%
Szwecja
31%
Ukraina
31%
Wielka Brytania
31%
Arabia Saudyjska
28%
Barbados
28%
Boliwia
28%
Bośnia i Hercegovina
28%
Brazylia
28%
Bułgaria
28%
Dania
28%
Ekwador
28%
Erytrea
28%
Fidżi
28%
Grecja
28%
Grenada
28%
Gwinea Równikowa
28%
Indie
28%
Indonezja
28%
Iran
28%
Kanada
28%
Kazachstan
28%
Kenia
28%
Kolumbia
28%
Madagaskar
28%
Malezja
28%
Mjanma
28%
Namibia
28%
Nowa Zelandia
28%
Oman
28%
Panama
28%
Paragwaj
28%
Peru
28%
Rwanda
28%
Seszele
28%
Singapur
28%
Słowacja
28%
Somalia
28%
Togo
28%
Włochy
28%
Algieria
25%
Antigua i Barbuda
25%
Argentyna
25%
Bahrajn
25%
Belize
25%
Botswana
25%
Burkina Faso
25%
Chile
25%
Chorwacja
25%
Cypr
25%
Czad
25%
Dominikana
25%
Dżibuti
25%
Estonia
25%
Etiopia
25%
Finlandia
25%
Holandia
25%
Islandia
25%
Jordania
25%
Kambodża
25%
Korea Północna
25%
Kosowo
25%
Kuba
25%
Kuwejt
25%
Laos
25%
Lesotho
25%
Mali
25%
Mikronezja
25%
Niger
25%
Norwegia
25%
Papua Nowa Gwinea
25%
Polska
25%
Republika Południowej Afryki
25%
Republika Środkowoafrykańska
25%
Senegal
25%
Serbia
25%
Słowenia
25%
Stany Zjednoczone
25%
Sudan Południowy
25%
Szwajcaria
25%
Tadżykistan
25%
Tajlandia
25%
Trynidad i Tobago
25%
Tunezja
25%
Urugwaj
25%
Uzbekistan
25%
Vanuatu
25%
Watykan
25%
Węgry
25%
Wenezuela
25%
Afganistan
22%
Albania
22%
Angola
22%
Azerbejdżan
22%
Benin
22%
Bhutan
22%
Białoruś
22%
Brunei
22%
Burundi
22%
Czarnogóra
22%
Eswatini
22%
Gabon
22%
Ghana
22%
Gwinea-Bissau
22%
Honduras
22%
Izrael
22%
Kirgistan
22%
Komory
22%
Kongo
22%
Liban
22%
Luksemburg
22%
Macedonia Północna
22%
Malawi
22%
Malediwy
22%
Maroko
22%
Mauretania
22%
Meksyk
22%
Mongolia
22%
Mozambik
22%
Pakistan
22%
Palau
22%
Republika Zielonego Przylądka
22%
St. Kitts i Nevis
22%
St. Vincent i Grenadyny
22%
Sudan
22%
Tajwan
22%
Tanzania
22%
Tonga
22%
Turcja
22%
Turkmenistan
22%
Uganda
22%
Wyspy Marshalla
22%
Wyspy Salomona
22%
Wyspy Świętego Tomasza i Książęca
22%
Zambia
22%
Zimbabwe
22%
Zjednoczone Emiraty Arabskie
22%
Andora
19%
Australia
19%
Bahamy
19%
Bangladesz
19%
Dominika
19%
Filipiny
19%
Gambia
19%
Gruzja
19%
Gujana
19%
Gwatemala
19%
Gwinea
19%
Hiszpania
19%
Jemen
19%
Liberia
19%
Libia
19%
Liechtenstein
19%
Nauru
19%
Nepal
19%
Nigeria
19%
Rumunia
19%
Salwador
19%
Samoa
19%
Sri Lanka
19%
St. Lucia
19%
Surinam
19%
Timor Wschodni
19%
Tuvalu
19%
Wietnam
19%
Wybrzeże Kości Słoniowej
19%
D.R.Konga
16%
Kamerun
16%
Nikaragua
16%
Nie znaleziono quizów pasujących do podanych kryteriów
Rozkład punktacji
Procent ludzi z każdym wynikiem
Percentyl według liczby udzielonych odpowiedzi
Twoja historia wyników
Nie rozwiązałeś tego quizu